Sanat - "Maailma on Sun" - Tehosekoitin - Statistics

Yleistilastot
  • Tätä visaa on pelattu 81 kertaa
  • Keskiarvotulos 112 / 167
Vastaustilastot
Sanat % Oikein
on
97%
sun
97%
maailma
95%
ja
94%
tuulen
92%
anna
91%
heittää
88%
puhdistaa
88%
hiukset
86%
sekaisin
86%
kaunis
85%
olet
83%
helmoja
82%
nosta
78%
kastella
77%
kevätmyrskyn
77%
mekko
77%
nostaa
77%
vartaloosi
77%
kiinni
75%
liimata
75%
aika
72%
niil
72%
ei
71%
katso
69%
mistä
68%
jengi
65%
meidät
65%
paino
65%
valita
65%
vuosien
65%
jos
63%
Kasvaa
63%
musertaa
63%
niin
63%
aikaa
62%
alleen
62%
jalkoihin
62%
liikaa
62%
pelaa
62%
vaan
62%
asfaltti
60%
et
60%
kukkaan
60%
pian
60%
kaikki
58%
kaupungin
58%
käy
58%
takaisin
58%
vain
58%
kukkulalle
57%
näkee
57%
osaa
57%
sieltä
57%
kiivetään
55%
minne
55%
ne
55%
palaat
55%
selvää
55%
tyly
55%
ylös
55%
huomaa
54%
kaikkea
54%
katsoa
54%
lentoa
54%
lintujen
54%
mut
54%
tullut
54%
korjaa
52%
kukaan
52%
ohi
52%
oot
52%
tarpeeks
52%
kylvä
49%
sateeseen
49%
satoa
49%
puhjeta
48%
kuluttaa
46%
ohuiksi
46%
kohti
45%
kurkottaa
43%
taivasta
43%
joskus
42%
kasvot
42%
saa
42%
virrata
40%
ajan
38%
että
38%
kiskoo
38%
muistat
38%
mukanaan
38%
tuntuu
38%
unet
38%
ymmärtää
38%
odottaa
37%
pyörteet
37%
mulle
35%
silloin
35%
avaa
34%
sylisi
34%
viimein
28%
kiven
25%
kylmän
23%
murtaa
23%
juuret
17%
Ehtoja vastaavia visoja ei löytynyt
Tulosjakauma
Jokaisen tuloksen saaneiden osuus
Persentiili vastausten määrän mukaan
Tuloshistoriasi
Et ole pelannut tätä visaa